000 00743nam a2200217Ia 4500
999 _c65268
_d65268
005 20240530110816.0
008 140319s2007 au a f b 000 0 ara d
040 _aGCL /
_cGCL
082 0 4 _221
_a759 /
_bهـ ش
100 0 _aهدى عبدالرحمن
245 1 2 _aشمس لن تغيب :
_bصلاح طاهر /
_cهدى عبدالرحمن
250 _aط.1
260 _aالقاهرة :
_bالمؤلف،
_c2007 .
300 _a100 ص. :
_bايض. ؛
_c20 سم.
490 0 _aصالون غازى الثقافى العربى : كتاب المواهب ؛
_vالعدد الثالث
600 0 _aصلاح طاهر
650 0 7 _aالرسامون
_2qrmak
651 _2qrmak
942 _2ddc
_cBK